|
|
|
|
| LEADER |
00000nam a2200000 4500 |
| 001 |
vtls011997402 |
| 003 |
SK-MaSNL |
| 005 |
20260301190610.0 |
| 007 |
co cg auuua |
| 008 |
201012s2019 xo | fqp 000 0 slo |
| 015 |
|
|
|a SNBS2020
|
| 020 |
|
|
|a 9788055333267
|q (elektronická kniha)
|
| 040 |
|
|
|a SNK
|b slo
|c SNK
|e rda
|
| 041 |
0 |
|
|a slo
|
| 044 |
|
|
|a xo
|c SK
|
| 072 |
|
7 |
|a 005
|x Manažment. Riadenie
|2 konspekt
|
| 080 |
|
|
|a 005.8
|2 2011
|
| 080 |
|
|
|a 005.962.11
|2 2011
|
| 080 |
|
|
|a 003.63
|2 2011
|
| 080 |
|
|
|a 003.6
|2 2011
|
| 080 |
|
|
|a (075.8)
|2 2011
|
| 080 |
|
|
|a (0.034.44)
|2 2011
|
| 100 |
1 |
|
|a Dziak, Jozef,
|c Ing., PhD.
|d 1988-
|4 aut
|9 403921
|
| 245 |
1 |
0 |
|a Zostavenie časového harmonogramu pre projekty v priemysle formou sieťového diagramu
|c Jozef Dziak
|
| 250 |
|
|
|a 1. vydanie
|
| 264 |
|
1 |
|a Košice
|b Technická univerzita v Košiciach
|c 2019
|
| 300 |
|
|
|a 1 CD-ROM
|b farebný
|c 12 cm
|
| 336 |
|
|
|a text
|b txt
|2 rdacontent
|
| 337 |
|
|
|a počítač
|b c
|2 rdamedia
|
| 338 |
|
|
|a počítačový disk
|b cd
|2 rdacarrier
|
| 347 |
|
|
|a textový súbor
|b PDF
|2 rda
|
| 366 |
|
|
|e 100 kusov
|
| 500 |
|
|
|a Nad názvom: Technická univerzita v Košiciach Fakulta elektrotechniky a informatiky
|
| 500 |
|
|
|a Názov z titulnej obrazovky
|
| 504 |
|
|
|a Obsahuje bibliografické odkazy
|
| 650 |
0 |
7 |
|a projektový manažment
|2 SNKPH
|9 937
|
| 650 |
0 |
7 |
|a manažment času
|2 SNKPH
|9 17101
|
| 650 |
0 |
7 |
|a diagramy
|2 SNKPH
|9 111864
|
| 650 |
0 |
7 |
|a grafy a schémy
|2 SNKPH
|9 82272
|
| 650 |
0 |
7 |
|a Microsoft Project
|2 SNKPHeng
|9 70132
|
| 650 |
0 |
7 |
|a Time management
|2 SNKPHeng
|9 306450
|
| 650 |
0 |
7 |
|a Diagrams
|2 SNKPHeng
|9 551616
|
| 650 |
0 |
7 |
|a Charts, diagrams, etc.
|2 SNKPHeng
|9 566054
|
| 655 |
|
7 |
|a CD-ROM
|2 SNKPH
|9 70236
|
| 655 |
|
7 |
|a učebnice vysokých škôl
|2 SNKPH
|9 70191
|
| 655 |
|
7 |
|a Textbooks (higher)
|2 SNKPHeng
|9 276436
|
| 710 |
2 |
|
|a Technická univerzita v Košiciach.
|b Fakulta elektrotechniky a informatiky
|4 pbl
|9 124217
|
| 919 |
|
|
|a 978-80-553-3326-7
|
| 958 |
|
|
|a NB
|
| 999 |
|
|
|c 868089
|d 870019
|
| 952 |
|
|
|a SNK
|b SNK
|y PREZ
|7 0
|p 17A1443473
|o snkSCDM 11331
|i snk2020/18448
|8 0
|0 0
|1 0
|4 0
|d 2020-10-12
|l 0
|r 2026-02-24 05:33:11
|w 2026-02-24
|